Пропуск в контексте
VuFind
Язык
English
Deutsch
Español
Français
Italiano
日本語
Nederlands
Português
Português (Brasil)
中文(简体)
中文(繁體)
Türkçe
עברית
Gaeilge
Cymraeg
Ελληνικά
Català
Euskara
Русский
Čeština
Suomi
Svenska
polski
Dansk
slovenščina
اللغة العربية
বাংলা
Galego
Tiếng Việt
Hrvatski
हिंदी
Все поля
Заглавие
Автор
Предмет
Шифр
ISBN/ISSN
Метка
Найти
Расширенный поиск
Reset Filters
Предлагаемые темы:
Political activity
Reset Filters
Show filters (1)
Предлагаемые темы:
Political activity
Поиск
The mode
Цитировать
Отправить на Email
Печать
Запись для экспорта
Экспорт в RefWorks
Экспорт в EndNoteWeb
Экспорт в EndNote
permanent_link
Загрузка...
The mode
Библиографические подробности
Главный автор:
Fox, L. W.
Язык:
English
Фонды
Описание
Схожие документы
Marc-запись
LEADER
00243nam a22001097a 4500
003
OSt
008
100222t xxu||||| |||| 00| 0 eng d
080
|a
343.812(410)
|b
FOX
100
|a
Fox, L. W.
|9
10873
245
|a
The mode
942
|c
BACT
|6
_
999
|c
125975
|d
125975
Схожие документы
Modes.
по: Romanowska , Anna B.
Опубликовано: (2002)
Devil's mode /
по: Burgess, Anthony
Опубликовано: (1989)
Modes of fiction/
Опубликовано: (1970)
The devil's mode /
по: Burgess, Anthony
Опубликовано: (1990)
Modes of specification
по: White, M.J.D
Опубликовано: (1978)
Загрузка...